| 000 | 01213nam0a2200313 4500 | ||
|---|---|---|---|
| 001 | RU\NLR\bibl\830957 | ||
| 005 | 20260405104052.0 | ||
| 010 |
_a5-9533-0691-1 _910000 |
||
| 021 |
_aRU _b2005-18471 _9940 |
||
| 035 | _a(NLR Aleph) 000819827 | ||
| 090 |
_a1294049 _c1294049 |
||
| 100 | _a20050815d2005 |||y0rusy50 ca | ||
| 101 | 0 | _arus | |
| 102 | _aRU | ||
| 105 | _aa ||||||||| | ||
| 200 | 1 |
_aЗолотая книга народной медицины _eоздоровление натуральными продуктами _fП. И. Сидоров |
|
| 210 |
_aМосква _cВече _d2005 |
||
| 215 |
_a476, [1] с., [8] л. цв. ил. _cил. _d27 |
||
| 320 | _aБиблиогр.: с. 471-472 и в тексте | ||
| 606 | 1 |
_aНародная медицина _jПопулярные издания _91444120 _3RU\NLR\auth\66300974 |
|
| 686 | _aР359.2я9 | ||
| 700 | 1 |
_4070 _8rus _7ca _aСидоров _bП. И. _cжурналист _f1930- _gПавел Иванович _3RU\NLR\auth\7739625 _922609 |
|
| 801 | 0 |
_aRU _bNLR _c20050815 _grcr |
|
| 801 | 1 |
_aRU _bNLR _c20050815 |
|
| 830 | _aАвт. по кн. | ||
| 942 | _cBOOK | ||
| 980 | _aNB | ||